Score 0/15 Timer 02:00
0 Plays Today
Clue 5-Letter Word % Correct
'Leaning ___ of Pisa'TOWER
95.6%
'Who Framed ___ Rabbit?'ROGER
93.8%
Texas Hold 'Em or 7-card Stud, e.g.POKER
90.6%
Not right now, but sometimeLATER
89.7%
Watt or erg/s is a unit for thisPOWER
88.7%
NBC's morning weatherman AlROKER
87%
Household item to soak up [Rung 5]TOWEL
85.3%
A slow-fermented beerLAGER
85.1%
Clue 5-Letter Word % Correct
Dihydrogen monoxideWATER
81.6%
A large keg party usually thrown by high school studentsRAGER
79.5%
A thin crisp candy or crackerWAFER
79.2%
Each word in this ladder has two of thisVOWEL
78.3%
'60 Minutes' correspondent MorleySAFER
49.8%
A type of fencing weaponSABER
49%
What you will be after an evening of drinking [Rung 5]SOBER
47.6%

Today's Daily Dose

Remove Ads.
Support Sporcle.
Get the best of Sporcle when you Go Orange. This ad-free experience offers more features, more stats, and more fun while also helping to support Sporcle. Thank you for becoming a member.

You're not logged in!

Compare scores with friends on all Sporcle quizzes.
OR
Log In

Show Comments

Extras

Top Quizzes Today


Score Distribution

Your Account Isn't Verified!

In order to create a playlist on Sporcle, you need to verify the email address you used during registration. Go to your Sporcle Settings to finish the process.

Report this User

Report this user for behavior that violates our Community Guidelines.

Details: